000 00644nam a22001935i 4500
001 160584
003 ES-MaACL
005 20230906212059.0
008 990513s1850 sp |||| | spa d
040 _aCCPB | B
_bspa
_cCCPB | B
100 1 _aNavascués, Rafael de.
_9130421
245 1 0 _aObservaciones sobre los fueros de Vizcaya /
_cpor Rafael de Navascués.
260 _aMadrid :
_b[s.n.],
_c1850 (
_fImprenta de Espinosa y Compañía)
300 _a[2], 211, [2] p. ;
_c21 cm.
650 4 _aFueros-
_zVizcaya-
_yS. \RXIX\R.
_9234137
752 _aEspaña -
_dMadrid
852 _aES-MaACL
_jC-3371
_z-- Enc. hol.
999 _c160584
_d160584